Statystyki dla Kraje najbliższe Bangladeszowi

Kliknij tutaj aby rozwiązać quiz!

Ogólne statystyki

  • Ten quiz został rozwiązany 286 razy
  • Średni wynik to 16 z 20

Statystyki odpowiedzi

kmkraj% Poprawnych
94Chiny
98%
0Indie
98%
22Nepal
91%
1407Pakistan
91%
780Laos
87%
985Wietnam
87%
43Bhutan
86%
579Tajlandia
86%
1628Sri Lanka
82%
1741Afganistan
81%
1719Indonezja
81%
1725Tadżykistan
80%
1871Kirgistan
78%
1779Malezja
78%
1330Kambodża
77%
1932Mongolia
76%
2111Uzbekistan
75%
1888Kazachstan
72%
2266Turkmenistan
72%
0Mjanma
69%

Rozkład punktacji

Percentyl według liczby udzielonych odpowiedzi

Procent ludzi z każdym wynikiem

Twoja historia wyników

Nie rozwiązałeś tego quizu